000 00384nam a22001337a 4500
082 _a624
_bCOM
_cD
100 _aPakistan Army
_99121
245 _aCampendium of MES routine instructions
_cPakistan Army
260 _aE-in-C Branch GHQ
_bE-in-C Branch GHQ
_c1962
300 _a813 p.
_bill.
_c21 cm.
526 _a0
_b0
_c0
_d624_000000000000000_COM
650 _aD
_96527
942 _2ddc
_cBK
999 _c546165
_d546165